ARRUPE JESUIT UNIVERSITY

CORONAVIRUS -STOP THE SPREAD - CLEAN,DISINFECT,COVER

Redeeming marriage / (Record no. 126852)

MARC details
000 -LEADER
fixed length control field 01125pam a2200301 a 4500
001 - CONTROL NUMBER
control field 3841703
003 - CONTROL NUMBER IDENTIFIER
control field ARRUPE
005 - DATE AND TIME OF LATEST TRANSACTION
control field 20170830115630.0
008 - FIXED-LENGTH DATA ELEMENTS--GENERAL INFORMATION
fixed length control field 871001s1988 mau b 000 0 eng
010 ## - LIBRARY OF CONGRESS CONTROL NUMBER
LC control number 87029960
020 ## - INTERNATIONAL STANDARD BOOK NUMBER
International Standard Book Number 0936384557 (pbk.) :
Terms of availability $7.95
040 ## - CATALOGING SOURCE
Original cataloging agency DLC
Transcribing agency DLC
Modifying agency DLC
043 ## - GEOGRAPHIC AREA CODE
Geographic area code n-us---
050 00 - LIBRARY OF CONGRESS CALL NUMBER
Classification number BX5949.M3
Item number G54 1988
082 00 - DEWEY DECIMAL CLASSIFICATION NUMBER
Classification number 265/.5
Edition number 19
300 ## - PHYSICAL DESCRIPTION
Dimensions 22 cm.
100 1# - MAIN ENTRY--PERSONAL NAME
Personal name Gleason, Edward S.,
Dates associated with a name 1933-
9 (RLIN) 35447
245 10 - TITLE STATEMENT
Title Redeeming marriage /
Statement of responsibility, etc Edward S. Gleason.
260 ## - PUBLICATION, DISTRIBUTION, ETC. (IMPRINT)
Place of publication, distribution, etc Cambridge, Mass. :
Name of publisher, distributor, etc Cowley Publications,
Date of publication, distribution, etc c1988.
300 ## - PHYSICAL DESCRIPTION
Extent 157 p. ;
504 ## - BIBLIOGRAPHY, ETC. NOTE
Bibliography, etc Bibliography: p. [155]-157.
600 10 - SUBJECT ADDED ENTRY--PERSONAL NAME
Personal name Gleason, Edward S.,
Dates associated with a name 1933-
9 (RLIN) 35447
610 20 - SUBJECT ADDED ENTRY--CORPORATE NAME
Corporate name or jurisdiction name as entry element Episcopal Church
General subdivision Doctrines.
9 (RLIN) 35448
610 20 - SUBJECT ADDED ENTRY--CORPORATE NAME
Corporate name or jurisdiction name as entry element Episcopal Church.
Title of a work Celebration and blessing of a marriage.
9 (RLIN) 35449
650 #0 - SUBJECT ADDED ENTRY--TOPICAL TERM
Topical term or geographic name as entry element Marriage
General subdivision Religious aspects
-- Episcopal Church.
9 (RLIN) 35450
650 #0 - SUBJECT ADDED ENTRY--TOPICAL TERM
Topical term or geographic name as entry element Anglican Communion
General subdivision Doctrines.
9 (RLIN) 35451
906 ## - LOCAL DATA ELEMENT F, LDF (RLIN)
a 7
b cbc
c orignew
d 1
e ocip
f 19
g y-gencatlg
942 ## - ADDED ENTRY ELEMENTS (KOHA)
Source of classification or shelving scheme Library of Congress Classification
Koha item type Monograph ( Printed materials)
Holdings
Withdrawn status Lost status Source of classification or shelving scheme Damaged status Not for loan Collection code Home library Current library Shelving location Date acquired Total Checkouts Full call number Barcode Date last seen Price effective from Koha item type
    Library of Congress Classification     Main Collection ARRUPE LIBRARY ARRUPE LIBRARY Main Collection 30/08/2017   BX5949.M3 G54 1988 46500028015 22/11/2017 30/08/2017 Monograph ( Printed materials)

 

Arrupe Library. PO Box MP320 Mt Pleasant, Harare, Zimbabwe
263 242 745411|librarian@aju.ac.zw